000 00768nas a2200229 4500
001 BR9208006
003 BR-BrBNA
005 20231205093052.0
007 ta
008 230509b bl.|||p| |||| 00| 00por d
040 _aBR-BrBNA
_bpor
_cBiblioteca Nacional de Agricultura
041 _a(Pt)
072 _aH10
100 1 _aCavichioli, R.R.
245 1 _aUma nova especie do genero Paratubana Young (Homoptera, Cicadellidae, Cicadellinae)
246 1 _a[A new species of Paratubana Young (Homoptera, Cicadellidae, Cicadellinae)!
650 _aHOMOPTERO
650 _aBIOLOGIA
773 0 _tRevista Brasileira de Zoologia (Brazil)
_xISSN 0101-8175
_g(Oct 1989), v. 6(3) p. 453-456
_wBR9208006
909 _a202311
_bLúcia
_c55
_dLúcia Elande
942 _2AGRIS
_n0
_cANA
999 _c136031
_d136031